UADER: historia de una fusión educativa
Saved in:
| Main Authors: | , |
|---|---|
| Format: | Bog |
| Sprog: | spansk |
| Udgivet: |
Paraná
UADER
2015
|
| Udgivelse: | 1a. ed |
| Fag: | |
| Tags: |
Tilføj Tag
Ingen Tags, Vær først til at tagge denne postø!
|
MARC
| LEADER | 00000cam a2200000 a 4500 | ||
|---|---|---|---|
| 001 | UCC1247 | ||
| 003 | CL-VaPUC | ||
| 008 | 171020e20150000ag |||||||||||||||||spa|d | ||
| 020 | |a 9789873915000 | ||
| 082 | 0 | 4 | |a 378.822 |b BAR |2 21 |
| 100 | 0 | |a Bartolini, Ana María |e author |9 595304 | |
| 700 | 0 | |a D'Angelo Gallino, Virginia Ester |e author |9 595305 | |
| 245 | 1 | 0 | |a UADER: historia de una fusión educativa |
| 250 | |a 1a. ed | ||
| 300 | |a 152 p | ||
| 942 | |c BK | ||
| 945 | |d 20171020 15:16:00 |a dcastane | ||
| 260 | |a Paraná |b UADER |c 2015 | ||
| 650 | 0 | |a Educación superior |9 223851 | |
| 650 | 0 | |a Universidades |9 256317 | |
| 650 | 0 | |a Historia de la educación |9 257642 | |
| 583 | |a last modification |c 20171020 15:16:00 |k Rodrigo Vera | ||
| 999 | |c 369807 |d 369805 | ||
| 952 | |0 0 |1 0 |3 erb |4 0 |6 378_822000000000000_BAR_2015 |7 0 |8 A |9 485942 |a FDOPOS |b FDOPOS |i 5429536 |o 378.822 BAR 2015 |p 5429536 |r 2025-01-22 |w 2019-11-24 |y BK |z Catalogado en:20171020 |k DLH | ||